Las cooperativas de producción y otras formas asociativas de producción agrícola como factores potenciales de cambio en Centroamérica
Kaydedildi:
| Müşterek Yazar: | |
|---|---|
| Materyal Türü: | Metin |
| Baskı/Yayın Bilgisi: |
Heredia:
La Escuela
|
| Etiketler: |
Etiketle
Etiket eklenmemiş, İlk siz ekleyin!
|
MARC
| LEADER | 00000 a a2200000 04500 | ||
|---|---|---|---|
| 001 | 16639 | ||
| 003 | |||
| 040 | |||
| 090 | |a EXTRAVIADO | ||
| 110 | |a UNA. Escuela de Planificación y Promoción Social | ||
| 245 | |a Las cooperativas de producción y otras formas asociativas de producción agrícola como factores potenciales de cambio en Centroamérica | ||
| 260 | |a Heredia: |b La Escuela | ||
| 300 | |a 30 p. | ||
| 999 | |c 1425 |d 1425 | ||
